Pedagogía del oprimido

Uloženo v:
Podrobná bibliografie
Hlavní autor: Freire, Paulo (autor)
Médium: Kniha
Jazyk:španělština
Vydáno: Ciudad de México Siglo XXI 2005
Vydání:2a. ed
Edice:Educación
Témata:
Tagy: Přidat tag
Žádné tagy, Buďte první, kdo vytvoří štítek k tomuto záznamu!

MARC

LEADER 00000cam a2200000 a 4500
001 UCG9676
003 CL-VaPUC
008 120330e20050000MX |||||||||||||||||spa|d
020 |a 9682325897 
082 0 4 |a 370.1  |b FRE  |2 21 
100 |a Freire, Paulo  |e autor  |9 352356 
245 1 0 |a Pedagogía del oprimido 
250 |a 2a. ed 
300 |a 246 p 
942 |c BK 
945 |d 20120330 00:00:00  |a cmena 
260 |a Ciudad de México  |b Siglo XXI  |c 2005 
650 0 |a Filosofía de la educación   |9 258384 
650 0 |a Teoría de la educación   |9 309368 
650 0 |a Libertad de enseñanza   |9 311567 
583 |a last modification  |c 20120330 10:32:00  |k Rodrigo Vera 
490 0 |a Educación 
999 |c 347222  |d 347220 
952 |0 0  |1 0  |4 0  |6 370_100000000000000_FRE_2005  |7 0  |8 A  |9 448399  |a BIBGIM  |b BIBGIM  |d 2019-11-22  |i 4850343  |l 3  |m 1  |o 370.1 FRE 2005  |p 4850343  |r 2025-01-15  |s 2024-05-13  |w 2019-11-22  |y BK  |k SSL 
952 |0 0  |1 0  |4 0  |6 370_100000000000000_FRE_2005  |7 0  |8 A  |9 448400  |a BIBGIM  |b BIBGIM  |d 2019-11-22  |i 4850351  |o 370.1 FRE 2005  |p 4850351  |r 2025-01-15  |w 2019-11-22  |y BK  |k SSL